James Bond Quiz - Statistics

General Stats
  • This quiz has been taken 2,586 times
  • The average score is 11 of 27
Answer Stats
Hint Answer % Correct
Name of The First 007 Movie Dr. No
97%
The First James Bond Actor Sean Connery
95%
Global Terrorist Organization Bond Fights SPECTRE
88%
Name of The First 007 Novel Casino Royale
87%
Leader of SPECTRE Ernst Stavro Blofeld
68%
Name of The 23 James Bond Movie Skyfall
63%
Sky Dives into a Circus Tent Jaws
46%
Halle Berry's Name in Die Another Day Jinx Johnson
46%
Could Tell The Future by Looking at Cards Solitaire
42%
Kills Blofeld at The Beginning of For Your Eyes Only James Bond
39%
Name of Bond's Wife Tracey
39%
Max Zorin's Henchwoman May Day
35%
Name of The Main Bond Girl in Thunderball Domino
34%
Bond's Long Time Companion Who Gets Married Felix Leiter
34%
Cries Blood Out of His Eye Le Chiffre
32%
Animal 007 Disguises Himself As Crocodile
30%
Doctor Who Helps Bond Foil Hugo Drax's Plans Dr. Holly Goodhead
28%
Man Attempting to Obtain Exclusive Global New Coverage Elliot Carver
28%
Lead Henchman in From Russia With Love Red Grant
25%
Location of The First Villains Hideout Crab Key
24%
Item sought after by Dominic Greene in Quantum of Solace Oil
22%
Object Used by Bond to Sled Down a Mountain Cello Case
21%
Two Henchmen in Diamonds are Forever Wint and Kidd
21%
Crime syndicate led by Alec Trevelyan Janus
20%
Goldfinger's Golf Ball Slazenger 7
15%
Keeps Renard From Feeling Anything in The World is Not Enough Bullet In His Brain
9%
The Man With The Golden Gun's Killing Arena The Fun House
8%
No matching quizzes found
Score Distribution
Percent of People with Each Score
Percentile by Number Answered
Your Score History
You have not taken this quiz